000 01405nam0a2200361 4500
001 RU\NLR\BIBL_A\016299785
005 20230830123136.0
010 _a978-5-699-89148-1
_92000
021 _aRU
_bИЗ-П-23-00038и
_9ИЗ-П-23-0004
035 _a(NLR Aleph) 016299785
090 _a12970143
_c12970143
100 _a20230301d2023 u y0rusy50 ca
101 0 _arus
102 _aRU
105 _aa z 000zy
181 0 _ab3
_bbb2e
181 0 _ai1
_baxxe
182 0 _an
200 1 _aДерзкие лисы
_eнабор статусов для рабочего стола
_e20 настроений на каждый день
_fDruMaru
203 _aИзображение
_aТекст
_bвизуальные
_cнепосредственные
210 _aМосква
_cЭксмо
_d2023
215 _a[42] с.
_cцв. ил.
_d15
309 _aКнига в виде перекидного календаря на спирали в коробке (15х13х2 см)
333 _a12+
608 _aИздания для досуга
_92213409
_3RU\NLR\AUTH\6601563205
686 1 _aЯ439
702 1 _4040
_7ca
_8rus
_aДрюма
_bЛ. А.
_gЛюбовь Александровна
_92688671
_3RU\NLR\AUTH\770287345
942 _cBOOK
980 _aNB